=LDR 00000nam 2200000 4500 =001 INLIS000000000019891 =005 20130612114913 =008 ***********************************Ind** =035 ##$$0010-061300000019891 =041 ##$$a Ind =082 ##$$a 828.83 =090 ##$$a 828.83, Mun s =100 ##$$a Munthe, Axel =245 ##$$a The story of san michele, Axel Minthe =260 ##$$a 1930 $b London =300 ##$$a 109 hlm, 31 cm =650 ##$$a Kesusatraan Inggris-Penulisan =850 ##$$a NBPNMAT